[Event "St Petersburg Korchnoi Memorial op"]
[Site "St Petersburg"]
[Date "2019.08.21"]
[Round "8"]
[White "Sorokin, Artem"]
[Black "Zaliev, Rostislav"]
[Result "1-0"]
[WhiteElo "1898"]
[BlackElo "1687"]
[PlyCount "63"]
[EventDate "2019.08.14"]
[EventType "swiss"]
[EventRounds "9"]
[EventCountry "RUS"]
[SourceTitle "CBM 192"]
[Source "ChessBase"]
[SourceDate "2019.10.31"]
[SourceVersion "1"]
[SourceVersionDate "2019.10.31"]
[SourceQuality "1"]

1. e4 e5 2. Nf3 Nc6 3. d4 exd4 4. Nxd4 Nf6 5. Nxc6 bxc6 6. Qe2 Qe7 7. Nc3 d5 8. exd5 cxd5 9. Nb5 Be6 10. Qe5 Kd8 11. Bf4 c6 12. Nd4 Bd7 13. Ba6 Qxe5+ 14. Bxe5 Bc5 15. 0-0-0 Ne4 16. Rhf1 f6 17. Bf4 g5 18. Be3 Kc7 19. f3 Nd6 20. Ne6+ Bxe6 21. Bxc5 Rhe8 22. Rfe1 Bf5 23. a4 Bg6 24. a5 Nb7 25. Bb4 Nd6 26. Bc3 f5 27. Be5 Kd7 28. c4 Bf7 29. b4 h6 30. Kc2 h5 31. b5 cxb5 32. c5 1-0

[Event "St Petersburg Korchnoi Memorial op"]
[Site "St Petersburg"]
[Date "2019.08.19"]
[Round "6"]
[White "Romanov, Ivan I"]
[Black "Zaliev, Rostislav"]
[Result "1/2-1/2"]
[WhiteElo "1425"]
[BlackElo "1687"]
[PlyCount "81"]
[EventDate "2019.08.14"]
[EventType "swiss"]
[EventRounds "9"]
[EventCountry "RUS"]
[SourceTitle "CBM 192"]
[Source "ChessBase"]
[SourceDate "2019.10.31"]
[SourceVersion "1"]
[SourceVersionDate "2019.10.31"]
[SourceQuality "1"]

1. d4 b6 2. g3 Bb7 3. Nf3 Nf6 4. Bg2 e6 5. c4 c5 6. dxc5 Bxc5 7. 0-0 0-0 8. a3 a5 9. Nc3 Ne4 10. Na4 d5 11. Nxc5 bxc5 12. cxd5 exd5 13. Nd2 f5 14. Nxe4 fxe4 15. Qb3 Qe7 16. Bg5 Qc7 17. Rad1 Kh8 18. Bf4 Qe7 19. Bd6 Qxd6 20. Qxb7 Nc6 21. Bxe4 Rab8 22. Qa6 Ra8 23. Qb7 Rfb8 24. Qf7 d4 25. Qd5 Qxd5 26. Bxd5 Ra6 27. e3 Rxb2 28. Bxc6 Rxc6 29. exd4 c4 30. d5 Rc8 31. d6 Kg8 32. d7 Rd8 33. Rc1 Rxd7 34. Rxc4 Ra2 35. Rc3 Rb7 36. Rfc1 Rb3 37. Rc8+ Kf7 38. R8c7+ Kf8 39. Rc8+ Kf7 40. R8c7+ Kf8 41. Rc8+ 1/2-1/2

[Event "St Petersburg Korchnoi Memorial op"]
[Site "St Petersburg"]
[Date "2019.08.15"]
[Round "2"]
[White "Aksenova, Maria"]
[Black "Zaliev, Rostislav"]
[Result "1-0"]
[WhiteElo "2008"]
[BlackElo "1687"]
[PlyCount "39"]
[EventDate "2019.08.14"]
[EventType "swiss"]
[EventRounds "9"]
[EventCountry "RUS"]
[SourceTitle "CBM 192"]
[Source "ChessBase"]
[SourceDate "2019.10.31"]
[SourceVersion "1"]
[SourceVersionDate "2019.10.31"]
[SourceQuality "1"]

1. d4 d5 2. Nf3 Nf6 3. c4 e6 4. e3 Be7 5. Nc3 0-0 6. Bd3 Nbd7 7. 0-0 c5 8. b3 b6 9. Qc2 Bb7 10. Ne5 Rc8 11. Rd1 h6 12. Qe2 Ne4 13. Bxe4 dxe4 14. dxc5 Rc7 15. Nb5 Bf6 16. Bb2 Bxe5 17. Bxe5 Rc8 18. Bd6 Re8 19. Nxa7 Ra8 20. c6 1-0

[Event "St Petersburg Korchnoi Memorial op"]
[Site "St Petersburg"]
[Date "2019.08.14"]
[Round "1"]
[White "Zaliev, Rostislav"]
[Black "Yurasova, Daria"]
[Result "0-1"]
[WhiteElo "1687"]
[BlackElo "2182"]
[PlyCount "58"]
[EventDate "2019.08.14"]
[EventType "swiss"]
[EventRounds "9"]
[EventCountry "RUS"]
[SourceTitle "CBM 192"]
[Source "ChessBase"]
[SourceDate "2019.10.31"]
[SourceVersion "1"]
[SourceVersionDate "2019.10.31"]
[SourceQuality "1"]

1. e4 e5 2. Nf3 Nc6 3. Bc4 Be7 4. d4 exd4 5. Nxd4 Nf6 6. Nc3 d6 7. 0-0 0-0 8. f4 a6 9. Nxc6 bxc6 10. f5 Bb7 11. Bd3 Nd7 12. Bf4 Bf6 13. Rf3 Re8 14. Rh3 Nf8 15. Bc4 c5 16. Qh5 Qd7 17. Nd5 Bxd5 18. Bxd5 c6 19. Bb3 c4 20. Bxc4 Rxe4 21. Bxd6 Rxc4 22. Bxf8 Kxf8 23. Qxh7 Qa7+ 24. Kh1 Re4 25. Rd1 Qf2 26. g4 Re1+ 27. Rxe1 Qxe1+ 28. Kg2 Qe2+ 29. Kg3 Rd8 0-1

[Event "St Petersburg Korchnoi Memorial op"]
[Site "St Petersburg"]
[Date "2018.08.22"]
[Round "8"]
[White "Makhno, Maria"]
[Black "Zaliev, Rostislav"]
[Result "1-0"]
[WhiteElo "1983"]
[BlackElo "1531"]
[PlyCount "31"]
[EventDate "2018.08.15"]
[EventType "swiss"]
[EventRounds "9"]
[EventCountry "RUS"]
[SourceTitle "CBM 186 Extra"]
[Source "ChessBase"]
[SourceDate "2018.08.24"]
[SourceVersion "1"]
[SourceVersionDate "2018.08.24"]
[SourceQuality "1"]

1. d4 d5 2. c4 e6 3. Nc3 Nf6 4. Bf4 Bd6 5. Bxd6 Qxd6 6. e3 dxc4 7. Bxc4 Nbd7 8. Nf3 Qb4 9. Nd2 Nb6 10. Bb3 Nbd5 11. 0-0 Nxc3 12. bxc3 Qxc3 13. Rc1 Qa5 14. Rc5 b5 15. Rxb5 Qa3 16. Qf3 1-0

[Event "St Petersburg Korchnoi Memorial op"]
[Site "St Petersburg"]
[Date "2018.08.19"]
[Round "5"]
[White "Zaliev, Rostislav"]
[Black "Stepanov, Andrey2222"]
[Result "0-1"]
[WhiteElo "1531"]
[BlackElo "2093"]
[PlyCount "74"]
[EventDate "2018.08.15"]
[EventType "swiss"]
[EventRounds "9"]
[EventCountry "RUS"]
[SourceTitle "CBM 186 Extra"]
[Source "ChessBase"]
[SourceDate "2018.08.24"]
[SourceVersion "1"]
[SourceVersionDate "2018.08.24"]
[SourceQuality "1"]

1. e4 c5 2. Nf3 d6 3. d4 cxd4 4. Nxd4 Nf6 5. Nc3 Nc6 6. Be3 Ng4 7. Bb5 Nxe3 8. fxe3 Bd7 9. 0-0 e6 10. Bxc6 bxc6 11. Qf3 Qf6 12. Qe2 Qe7 13. Qa6 Rc8 14. Qxa7 Qd8 15. Qa6 Be7 16. Rf3 0-0 17. Qd3 Qa5 18. Nb3 Qa7 19. Qd4 c5 20. Qd2 Bc6 21. Rg3 Rcd8 22. Qe2 Bf6 23. Qg4 g6 24. h4 Be5 25. Rh3 h6 26. Nd2 Qe7 27. Rf1 Kh7 28. Nf3 f5 29. exf5 exf5 30. Qc4 d5 31. Qa6 Bb7 32. Qe2 Bb8 33. Rd1 Rfe8 34. Nh2 d4 35. Nb1 dxe3 36. Rxd8 Qxd8 37. Rxe3 Qd4 0-1